Dad and mum / (Record no. 8989)

MARC details
000 -LEADER
fixed length control field 01442nam a22003017a 4500
001 - CONTROL NUMBER
control field 8989
003 - CONTROL NUMBER IDENTIFIER
control field FISKH
005 - DATE AND TIME OF LATEST TRANSACTION
control field 20251113091652.0
008 - FIXED-LENGTH DATA ELEMENTS--GENERAL INFORMATION
fixed length control field 251113b cb ||||| |||| 00| 0 eng d
020 ## - INTERNATIONAL STANDARD BOOK NUMBER
International Standard Book Number 9789833721849
040 ## - CATALOGING SOURCE
Original cataloging agency FISKH
Language of cataloging eng
Transcribing agency FISKH
Modifying agency FISKH
082 ## - DEWEY DECIMAL CLASSIFICATION NUMBER
Classification number 428.1
100 ## - MAIN ENTRY--PERSONAL NAME
Personal name Riche, Sarah
245 ## - TITLE STATEMENT
Title Dad and mum /
Statement of responsibility, etc. Text : Sara Riche and Vic Esar ; Illustrations : Chong and Zeemy
260 ## - PUBLICATION, DISTRIBUTION, ETC.
Place of publication, distribution, etc. Kuala Lumpur :
Name of publisher, distributor, etc. Mind to mind,
Date of publication, distribution, etc. 2005.
300 ## - PHYSICAL DESCRIPTION
Extent 16 pages :
Other physical details color illustrations ;
Dimensions 21 cm
490 ## - SERIES STATEMENT
Series statement Key words with red series :
Volume/sequential designation 1 b
505 ## - FORMATTED CONTENTS NOTE
Formatted contents note aa<br/>
520 ## - SUMMARY, ETC.
Summary, etc. Dad and Mum: Key Words with Red Series 1B" could be a beginner-level children's book aimed at helping young readers recognize and understand basic vocabulary related to family members. The book likely uses simple words, colorful illustrations, and repetitive language patterns to introduce children to the key words associated with family life—such as "Dad," "Mum," "Home," "Family," and other early terms. The "Red Series" may indicate a level within a reading program designed to teach foundational vocabulary, typically aimed at early literacy development.
521 8# - TARGET AUDIENCE NOTE
Target audience note 10<br/>
Source Lexile estimate<br/>
521 8# - TARGET AUDIENCE NOTE
Target audience note aa<br/>
Source Raz-Plus<br/>
650 ## - SUBJECT ADDED ENTRY--TOPICAL TERM
Topical term or geographic name entry element Phonics readers -
Form subdivision Readers
General subdivision Sound Works
700 ## - ADDED ENTRY--PERSONAL NAME
Personal name Esar, Vic
Relator term Author
700 ## - ADDED ENTRY--PERSONAL NAME
Personal name Chong
Relator term illustrator
700 ## - ADDED ENTRY--PERSONAL NAME
Personal name Zeemy
Relator term illustrator
942 ## - ADDED ENTRY ELEMENTS (KOHA)
Source of classification or shelving scheme Dewey Decimal Classification
Koha item type Books
Suppress in OPAC No
Holdings
Withdrawn status Lost status Source of classification or shelving scheme Damaged status Not for loan Collection Home library Current library Shelving location Date acquired Total Checkouts Full call number Barcode Date last seen Copy number Price effective from Koha item type
    Dewey Decimal Classification     Juvenile Fiction Footprints International School Library Network Toul Tom Poung Campus Footprints International School Library Network Toul Tom Poung Campus TTP Primary Green Bookshelves 11/13/2025   RIC 428.1 FIS01869 11/13/2025 1 11/13/2025 Books